| 000 | 00513cam a22001451 4500 | ||
|---|---|---|---|
| 082 |
_a621.2 _bEME _cL-13, P-82 |
||
| 100 | 1 |
_aEmerick, Robert Henderson. _941080 |
|
| 245 | 1 | 0 |
_aHandbook of mechanical specifications for buildings and plants; _ba checklist for engineers and architects. |
| 260 |
_aNew York, _bMcGraw-Hill _c[1966] |
||
| 300 |
_axiv, 482 p. _billus. _c21 cm. |
||
| 526 |
_a0 _b0 _c0 _d621_200000000000000_EME |
||
| 650 | 0 |
_aBuildings _xMechanical equipment _932540 |
|
| 650 | 0 |
_aMCE _9379 |
|
| 942 |
_2ddc _cBK |
||
| 999 |
_c545274 _d545274 |
||